[Event "VIE-ch U15"]
[Site "Ho Chi Minh City"]
[Date "2022.07.15"]
[Round "7"]
[White "Le, Dinh Anh Tuan"]
[Black "Le, Quang Minh"]
[Result "1-0"]
[WhiteElo "2282"]
[BlackElo "2292"]
[PlyCount "77"]
[EventDate "2022.07.11"]
[EventType "swiss"]
[EventRounds "9"]
[EventCountry "VIE"]
[SourceTitle "EXT 2023"]
[Source "ChessBase"]
[SourceDate "2022.10.05"]
[SourceVersion "1"]
[SourceVersionDate "2022.10.05"]
[SourceQuality "1"]

1. e4 c5 2. Nc3 d6 3. g3 Nc6 4. Bg2 Nf6 5. Nge2 Bg4 6. h3 Bd7 7. 0-0 Qc8 8. Kh2 g6 9. d3 Bg7 10. Be3 0-0 11. Qd2 Ne5 12. f4 Nc6 13. g4 e6 14. Ng3 Ne7 15. Rae1 Rb8 16. Qf2 b5 17. e5 dxe5 18. fxe5 Nfd5 19. Bxc5 Re8 20. Nxd5 Nxd5 21. Bxd5 exd5 22. Qxf7+ Kh8 23. d4 Be6 24. Qf3 Rb7 25. Qe3 Rc7 26. c3 Bd7 27. b4 Be6 28. Ne2 a6 29. Rf3 a5 30. a3 axb4 31. axb4 Bf7 32. Ref1 Be6 33. Qg5 Bg8 34. Nf4 Rc6 35. Qh4 h6 36. g5 Qd8 37. Rg1 h5 38. Nxh5 gxh5 39. Qxh5+ 1-0

[Event "VIE-ch U15"]
[Site "Ho Chi Minh City"]
[Date "2022.07.12"]
[Round "3"]
[White "Dang, Anh Minh"]
[Black "Le, Dinh Anh Tuan"]
[Result "1-0"]
[WhiteElo "2307"]
[BlackElo "2282"]
[PlyCount "73"]
[EventDate "2022.07.11"]
[EventType "swiss"]
[EventRounds "9"]
[EventCountry "VIE"]
[SourceTitle "EXT 2023"]
[Source "ChessBase"]
[SourceDate "2022.10.05"]
[SourceVersion "1"]
[SourceVersionDate "2022.10.05"]
[SourceQuality "1"]

1. d4 d5 2. c4 e6 3. Nc3 Nf6 4. cxd5 exd5 5. Bg5 Be7 6. e3 Bf5 7. Bxf6 Bxf6 8. Qb3 Nc6 9. Qxb7 Ne7 10. Bb5+ Kf8 11. Qa6 Bc8 12. Qa3 Kg8 13. Nf3 g6 14. 0-0 Bb7 15. Ba6 Bc6 16. Rfc1 Qd7 17. b4 Rb8 18. Bd3 Kg7 19. b5 Bb7 20. Qxa7 h5 21. a4 h4 22. h3 g5 23. Nh2 Ra8 24. Qc5 Ng6 25. Ne2 Rac8 26. Ng4 Be7 27. Qc2 Bd6 28. Bf5 Qe7 29. a5 Rb8 30. Rcb1 Qd8 31. a6 Bc8 32. a7 Ra8 33. e4 Bxf5 34. exf5 Nf4 35. Nxf4 Bxf4 36. f6+ Kg8 37. Re1 1-0

[Event "VIE-ch U17"]
[Site "Hanoi"]
[Date "2022.06.12"]
[Round "2"]
[White "Le, Dinh Anh Tuan"]
[Black "Nguyen, Minh Chi Thien"]
[Result "1/2-1/2"]
[WhiteElo "2281"]
[BlackElo "2280"]
[PlyCount "89"]
[EventDate "2022.06.11"]
[EventType "swiss"]
[EventRounds "7"]
[EventCountry "VIE"]
[SourceTitle "EXT 2023"]
[Source "ChessBase"]
[SourceDate "2022.10.05"]
[SourceVersion "1"]
[SourceVersionDate "2022.10.05"]
[SourceQuality "1"]

1. e4 c5 2. Nc3 Nc6 3. g3 g6 4. Bg2 Bg7 5. Nge2 d6 6. 0-0 Nf6 7. d3 Bd7 8. h3 0-0 9. Be3 a6 10. Qd2 h5 11. Bh6 Qc8 12. Bxg7 Kxg7 13. Kh2 Rb8 14. f4 b5 15. f5 e6 16. fxg6 fxg6 17. Nf4 b4 18. Nce2 e5 19. Nd5 Nxd5 20. exd5 Ne7 21. Rxf8 Qxf8 22. Rf1 Qd8 23. Ng1 Ng8 24. Nf3 Qe7 25. Ng5 Rf8 26. Rxf8 Kxf8 27. Be4 Kg7 28. Nf3 Qf6 29. c3 Bf5 30. Bxf5 bxc3 31. bxc3 Qxf5 32. Ng5 Nf6 33. c4 h4 34. g4 Qf1 35. Qe3 a5 36. Ne6+ Kf7 37. Qh6 Qf2+ 38. Kh1 Qf3+ 39. Kg1 Qg3+ 40. Kf1 Qxh3+ 41. Ke1 Qg3+ 42. Kd2 Qf2+ 43. Kc3 Qe1+ 44. Kc2 Qe2+ 45. Kc1 1/2-1/2